| 000 | 00652cam a2200241 4500 | ||
|---|---|---|---|
| 008 | 090401t1996 xxu||||| |||| 00| 0 eng d | ||
| 020 | _a0333662652 | ||
| 035 | _a(Sirsi) u35908 | ||
| 041 | _aeng | ||
| 050 | _a657.7 | ||
| 100 | _aOldcorn, Roger | ||
| 245 | _aCompany accounts. | ||
| 250 | _a3rd ed. | ||
| 260 |
_aBasingstoke _bMacMillan _c1996 |
||
| 300 | _ax,168p. ; 24cm. | ||
| 350 | _a7.99 | ||
| 490 | _aMacmillan Business Masters | ||
| 650 | _aMANAGEMENT-BUSINESS MANAGEMENT-FINANCIAL MANAGEMENT-ACCOUNTING | ||
| 650 | _aCOMPANY ACCOUNTS | ||
| 690 | _aPROPERTY-PROPERTY FINANCE AND INVESTMENT | ||
| 942 | _n0 | ||
| 948 | _c04/03/1997 | ||
| 999 |
_c90161 _d90161 |
||